000 00522nam a2200217Ia 4500
008 101110s9999 xx 000 0 und d
041 _aENGLISH
082 _bSR26093
100 _aShroff Adarsh
245 _aClassical mechanics (TYBSc)
260 _c2004
_bSheth Prakashan, Mumbai
300 _a237
365 _b75
520 _aPhysics
546 _aENGLISH
630 _aClassical mechanics (TYBSc)
650 _aPhysics
655 _aPhysics
730 _aClassical mechanics (TYBSc)
942 _cBOOK
999 _c818698
_d818695